Child health nursing: reviews & rationales (Record no. 30960)

MARC details
000 -LEADER
fixed length control field 00895nam a2200217 a 4500
008 - FIXED-LENGTH DATA ELEMENTS--GENERAL INFORMATION
fixed length control field 110929s2003 ||||||||||||||||| || u
020 ## - INTERNATIONAL STANDARD BOOK NUMBER
International Standard Book Number 0130304522
050 ## - LIBRARY OF CONGRESS CALL NUMBER
Classification number RJ 245 Chi
100 ## - MAIN ENTRY--PERSONAL NAME
Personal name Hogan, Mary Ann
245 10 - TITLE STATEMENT
Title Child health nursing: reviews & rationales
Statement of responsibility, etc. edited by Mary Ann Hogan and Judy E. White
260 ## - PUBLICATION, DISTRIBUTION, ETC.
Place of publication, distribution, etc. Upper Saddle River, New Jersey:
Name of publisher, distributor, etc. Prentice Hall
Date of publication, distribution, etc. 2003
300 ## - PHYSICAL DESCRIPTION
Extent xv, 426p.: ill.
350 ## -
-- 0.00
650 ## - SUBJECT ADDED ENTRY--TOPICAL TERM
Topical term or geographic name entry element PEDIATRIC NURSING--OUTLINES
650 ## - SUBJECT ADDED ENTRY--TOPICAL TERM
Topical term or geographic name entry element PEDIATRIC NURSING--OUTLINES, SYLLABI, ETC
650 ## - SUBJECT ADDED ENTRY--TOPICAL TERM
Topical term or geographic name entry element PEDIATRIC NURSING--EXAMINATION QUESTIONS
650 ## - SUBJECT ADDED ENTRY--TOPICAL TERM
Topical term or geographic name entry element PEDIATRIC NURSING--EXAMINATIONS, QUESTIONS, ETC
650 ## - SUBJECT ADDED ENTRY--TOPICAL TERM
Topical term or geographic name entry element PAEDIATRICS
700 ## - ADDED ENTRY--PERSONAL NAME
Personal name White, Judy E
995 ## -
-- MEDICAL LIBRARY OPEN ACCESS
-- 0.00
-- 901206
-- CBU-SCHOOL OF MEDICINE LIBRARY (Ndola)
-- 1
-- 0.00
-- RJ 245 CHI
-- 1
-- AVAILABLE
-- Sep 30, 2011
-- 901206
-- Medical Library Open Access Collection
999 ## -
-- 30960
-- 30960
Holdings
Withdrawn status Lost status Source of classification or shelving scheme Damaged status Not for loan Permanent Location Current Location Shelving location Date acquired Total Checkouts Full call number Barcode Date last seen Price effective from Koha item type
          CBU-SCHOOL OF MEDICINE LIBRARY, NDOLA. CBU-SCHOOL OF MEDICINE LIBRARY, NDOLA.   11/30/2022   RJ 245 Chi 901206 11/30/2022 11/30/2022 MONOGRAPH